Ennemis de la Justice League - Statistiques

Statistiques générales
  • Ce quiz a été pris 80 fois
  • Le résultat moyen est 10 sur 58
Statistiques - réponses
Réponse % Correct
Joker
95%
Lex Luthor
84%
Darkseid
69%
Steppenwolf
45%
Cheetah
44%
Sinestro
40%
Bane
34%
Deathstroke
34%
Black Manta
31%
Gorilla Grodd
31%
Pingouin / Penguin
31%
Deadshot
29%
Arès / Ares
27%
Black Adam
27%
Captain Cold
24%
Vandal Savage
23%
Bizarro
21%
Sphinx / Homme Mystère / Riddler
18%
Killer Frost
15%
Amazo
13%
Atrocitus
13%
Mamie Bonheur / Granny Goodness
13%
Ultraman
13%
Anti-Monitor
11%
Kalibak
11%
Maxwell Lord / Max Lord / Roi Noir / Lord Havok
11%
Owlman
11%
Power Ring
11%
Starro
11%
Giganta
10%
Johnny Quick
10%
Star Sapphire
10%
Superwoman
10%
Ultra-Humanite
8%
Grid
6%
Despero
5%
Eclipso
5%
Mantis
5%
Atomica
3%
Deathstorm
3%
Docteur Destinée / Doctor Destiny
3%
Docteur Light / Doctor Light
3%
Docteur Psycho / Doctor Psycho
3%
Felix Faust
3%
Hirsute / Shaggy Man
3%
Kanto
3%
Professeur Ivo / Professor Ivo
3%
Psimon
3%
Roi des Mers / Sea King
3%
Virman Vundabar
3%
Angle Man
2%
Brimstone
2%
Chemo
2%
Floronic Man / Homme Floronique
2%
Gang du Flush Royal / Royal Flush Gang
2%
Outsider
2%
Validus
2%
Kanjar Ro
0%
Aucun quiz correspondant
Distribution des résultats
% des personnes avec chaque résultat
Percentile par nombre de réponses
Votre historique - résultats
Vous n’avez pas pris ce quiz